| 000 | 00927nam a2200205Ia 4500 | ||
|---|---|---|---|
| 999 |
_c43600 _d43600 |
||
| 001 | 10335 | ||
| 003 | GE_BSU | ||
| 005 | 20251105203733.0 | ||
| 008 | 181216s1991||||ge |||||||||||||| ||geo|| | ||
| 040 | _cGE_BSU | ||
| 041 | _ageo | ||
| 080 | _a82-93 ტ–22 | ||
| 100 |
_aტალიაშვილი, ირინე _926167 |
||
| 245 |
_a ჩვეულებრივი ბავშვები და სასწაულები / _cირინე ტალიაშვილი; რედ.ჯ.ბაჯელიძე; მხატვ.თ.ფხიკიძე. |
||
| 264 |
_aთბილისი : _bნაკადული, _c1991. |
||
| 300 | _a272გვ.;20სმ. | ||
| 653 | _aსაბავშვო სათავგადასავლო მოთხრობები | ||
| 653 | _aჩვეულებრივი ბავშვები და საწაულები | ||
| 942 |
_cBK _2udc |
||